[Event "Clermont Ferrand"]
[Site "Clermont Ferrand"]
[Date "1989.??.??"]
[Round "?"]
[White "Spraggett, Kevin"]
[Black "Nogueiras, Jesus"]
[Result "1-0"]
[WhiteElo "2585"]
[BlackElo "2560"]
[PlyCount "121"]
[EventDate "1989.07.??"]
[Source "ChessBase"]

1. b3 Nf6 2. Bb2 g6 3. c4 Bg7 4. g3 O-O 5. Bg2 d6 6. Nc3 e5 7. d3 Nbd7 8. e3 Re8 9. Nge2 c6 10. Qd2 Nf8 11. d4 e4 12. h3 h5 13. d5 c5 14. O-O-O N8h7 15. g4 h4 16. Nf4 a6 17. Bf1 Ng5 18. Kb1 Bd7 19. Be2 Nfh7 20. Qc2 b5 21. cxb5 axb5 22. Nxb5 Qb6 23. a4 Bxb2 24. Kxb2 Nf3 25. Ra1 Nhg5 26. Qc3 Ne5 27. a5 Qb8 28. Na3 Ngf3 29. Nc4 Bb5 30. Kc2 Bxc4 31. bxc4 Ra6 32. Rhb1 Qc7 33. Rb5 Rea8 34. Ra2 Ng1 35. Bf1 Qd8 36. Kb1 Ngf3 37. Bg2 Ng5 38. Kc2 Kh7 39. Ra4 Qe7 40. Qb2 Qd8 41. Qc3 Kh6 42. Ra1 R8a7 43. Kd1 Qf6 44. Ra3 Qd8 45. Ke2 Ngf3 46. Bxf3 exf3+ 47. Kf1 g5 48. Nd3 Nxd3 49. Qxd3 Rxa5 50. Raxa5 Rxa5 51. Rxa5 Qxa5 52. Qd1 Qc3 53. Qxf3 Qxc4+ 54. Kg1 Kg7 55. Qf5 f6 56. Qd7+ Kg6 57. Qxd6 Qc1+ 58. Kg2 c4 59. Qe6 Qb1 60. d6 c3 61. d7 1-0

[Event "Jyvaskyla Open"]
[Site "Jyvaskyla FIN"]
[Date "1993.??.??"]
[Round "5"]
[White "Bagirov, Vladimir K"]
[Black "Shneider, Aleksandr"]
[Result "1/2-1/2"]
[WhiteElo "2530"]
[BlackElo "2560"]
[PlyCount "45"]
[EventDate "1993.07.??"]
[Source "www.chesslib.no"]
[SourceDate "2004.05.04"]

1. b3 Nf6 2. Bb2 e6 3. f4 b6 4. Nf3 Bb7 5. e3 c5 6. g3 h5 7. Bg2 g6 8. d3 d5 9. Nbd2 Bg7 10. e4 Nc6 11. e5 Ng4 12. Qe2 Nb4 13. Nf1 d4 14. h3 Nh6 15. Ng5 Nd5 16. Bc1 Nc3 17. Qf2 Bxg2 18. Qxg2 Qd5 19. Rh2 Qxg2 20. Rxg2 Nf5 21. Bd2 Nd5 22. O-O-O h4 23. Re1 1/2-1/2

[Event "Open"]
[Site "Ascona SUI"]
[Date "2007.12.07"]
[Round "8"]
[White "Stojanovic, Mih"]
[Black "Gallagher, Jo"]
[Result "1/2-1/2"]
[WhiteElo "2582"]
[BlackElo "2497"]
[PlyCount "83"]
[EventDate "2007.12.03"]
[Source "www.chesslib.no"]
[SourceDate "2004.05.04"]

1. b3 Nf6 2. Bb2 g6 3. Bxf6 exf6 4. d4 d5 5. e3 Be6 6. Ne2 c5 7. g3 Nc6 8. Bg2 Qd7 9. O-O Rd8 10. Nbc3 cxd4 11. Nxd4 Be7 12. Nce2 O-O 13. Nf4 Rfe8 14. Qd3 Rc8 15. c3 Ne5 16. Qd2 Rc5 17. Rac1 Rd8 18. Rfd1 Bg4 19. Rf1 Be6 20. h3 a5 21. Kh2 b5 22. Rfd1 Qd6 23. Qe2 Qb6 24. Rc2 Kg7 25. a4 bxa4 26. bxa4 Nc4 27. e4 dxe4 28. Qxe4 Re5 29. Ndxe6+ fxe6 30. Qf3 Rxd1 31. Qxd1 Qd6 32. Qf1 Rc5 33. Rc1 e5 34. Rd1 Qb6 35. Nd5 Qa7 36. Rb1 Bf8 37. Qe2 Rc8 38. Ne3 Nd6 39. Qd3 Rb8 40. Rxb8 Qxb8 41. Nc4 Qc7 42. Bd5 1/2-1/2

[Event "Vidmar Memorial"]
[Site "Ljubljana/Portoroz SLO"]
[Date "1989.??.??"]
[Round "?"]
[White "Kovacevic, Vlatko"]
[Black "Damljanovic, Branko"]
[Result "1/2-1/2"]
[WhiteElo "2545"]
[BlackElo "2530"]
[PlyCount "83"]
[EventDate "1989.06.??"]
[Source "www.chesslib.no"]
[SourceDate "2004.05.04"]

1. b3 Nf6 2. Bb2 g6 3. Bxf6 exf6 4. g3 Bg7 5. e3 f5 6. d4 d6 7. Bg2 Nd7 8. Ne2 Nf6 9. c4 O-O 10. Nbc3 c6 11. O-O Bd7 12. b4 Re8 13. Qd3 Qe7 14. b5 Ne4 15. bxc6 bxc6 16. Rab1 Bc8 17. Qc2 Kf8 18. Rb3 h5 19. Rfb1 h4 20. Nxe4 fxe4 21. Rb8 Rxb8 22. Rxb8 hxg3 23. hxg3 Bg4 24. Rxe8+ Qxe8 25. Nc3 f5 26. Qb3 Qc8 27. Qb4 Ke7 28. c5 d5 29. Bf1 Qc7 30. Ba6 g5 31. Be2 Bf3 32. Qb1 g4 33. Ba6 Bf6 34. Qb3 Ke6 35. Qb7 Qxb7 36. Bxb7 Kd7 37. Kf1 Bd8 38. Ke1 Ba5 39. Kd2 Kc7 40. Ba6 Bb4 41. Kc2 Ba5 42. a3 1/2-1/2

[Event "Harplinge"]
[Site "Harplinge"]
[Date "1998.08.16"]
[Round "2"]
[White "Hodgson, Julian M"]
[Black "Hall, Jesper"]
[Result "1-0"]
[WhiteElo "2575"]
[BlackElo "2485"]
[PlyCount "85"]
[EventDate "1998.08.15"]
[Source "ChessBase"]
[SourceDate "1998.11.30"]

1. b3 Nf6 2. Bb2 g6 3. Bxf6 exf6 4. c4 Bg7 5. g3 f5 6. Nc3 d6 7. Bg2 Nd7 8. Rc1 Nf6 9. d3 O-O 10. Nf3 Bd7 11. b4 a6 12. O-O Re8 13. a4 Bc6 14. e3 b6 15. b5 Bb7 16. Nd4 Bxg2 17. Kxg2 d5 18. Nc6 Qd6 19. Qb3 dxc4 20. Qxc4 a5 21. Rfe1 Nd7 22. Nd5 Nc5 23. e4 fxe4 24. dxe4 h5 25. Rcd1 Qe6 26. Qc2 Rac8 27. Na7 h4 28. Nxc8 h3+ 29. Kg1 Qxc8 30. Qc4 Qg4 31. Qf1 Rxe4 32. Rxe4 Qxe4 33. Qxh3 Qxa4 34. Re1 Bf8 35. Nf6+ Kg7 36. Qh7+ Kxf6 37. Qh8+ Bg7 38. Qd8+ Kf5 39. Qd5+ Kg4 40. Qxf7 Qd4 41. Qxg6+ Kf3 42. Qh5+ Qg4 43. Re3# 1-0

[Event "URS Team Ch"]
[Site "Azov"]
[Date "1991.??.??"]
[Round "?"]
[White "Ibragimov, Ildar"]
[Black "Eingorn, Vereslav S"]
[Result "0-1"]
[WhiteElo "2455"]
[BlackElo "2585"]
[PlyCount "80"]
[EventDate "1991.??.??"]
[Source "www.chesslib.no"]
[SourceDate "2004.05.04"]

1. b3 Nf6 2. Bb2 e6 3. f4 b6 4. Nf3 Bb7 5. e3 Be7 6. Be2 O-O 7. O-O c5 8. d3 Nc6 9. Qe1 d5 10. Nbd2 d4 11. exd4 Nxd4 12. Nxd4 cxd4 13. Bf3 Rb8 14. Kh1 Bb4 15. a3 Bxd2 16. Qxd2 Qd7 17. Bxb7 Rxb7 18. Qf2 Rd8 19. Rae1 Rc7 20. Re2 Rc5 21. Qh4 h6 22. Rff2 Qc7 23. f5 e5 24. Bc1 Rc6 25. Bxh6 gxh6 26. Qxh6 e4 27. Rf4 Rxc2 28. Re1 Rc1 29. Rfxe4 Nxe4 30. Rxc1 Qd6 31. Qh4 Nf6 32. Re1 Nh7 33. b4 Qf6 34. Qf4 Qg5 35. Qc7 Rf8 36. Qe5 Rc8 37. h3 Rc2 38. Qd5 Qg3 39. Rf1 Nf6 40. Qa8+ Kg7 0-1

[Event "Kusadasi Open"]
[Site "Kusadasi"]
[Date "1990.??.??"]
[Round "8"]
[White "Bagirov, Vladimir K"]
[Black "Vyzmanavin, Alexey B"]
[Result "1/2-1/2"]
[WhiteElo "2470"]
[BlackElo "2560"]
[PlyCount "62"]
[EventDate "1990.04.??"]
[Source "www.chesslib.no"]
[SourceDate "2004.05.04"]

1. b3 Nf6 2. Bb2 d5 3. e3 Bf5 4. f4 e6 5. Nf3 Nbd7 6. Be2 c6 7. O-O Bd6 8. c4 h6 9. Ne5 O-O 10. Qe1 Qc7 11. d4 Ne4 12. Nc3 Ndf6 13. c5 Be7 14. b4 Nxc3 15. Bxc3 Ne4 16. a4 f6 17. Nd3 Qd7 18. Nf2 Bd8 19. Nxe4 Bxe4 20. b5 Bc7 21. Ba5 e5 22. Bxc7 Qxc7 23. a5 exd4 24. exd4 Qd7 25. Qb4 a6 26. bxa6 bxa6 27. Rf2 Rfb8 28. Qc3 Qb7 29. Bf1 Qb4 30. Qxb4 Rxb4 31. Rd2 Bf5 1/2-1/2

[Event "Paris APSAP"]
[Site "Paris FRA"]
[Date "1994.??.??"]
[Round "8"]
[White "Minasian, Artashes"]
[Black "Renet, Olivier"]
[Result "1-0"]
[WhiteElo "2545"]
[BlackElo "2485"]
[PlyCount "95"]
[EventDate "1994.12.??"]
[Source "www.chesslib.no"]
[SourceDate "2004.05.04"]

1. b3 Nf6 2. Bb2 g6 3. e4 d6 4. g3 Bg7 5. Bg2 c5 6. Ne2 Nc6 7. O-O O-O 8. d4 cxd4 9. Nxd4 Bg4 10. Qd2 Qd7 11. Re1 Nxd4 12. Bxd4 Bh3 13. Bh1 a6 14. a4 Rad8 15. a5 Ng4 16. Bxg7 Kxg7 17. Nc3 Ne5 18. Nd5 f6 19. f4 Nc6 20. Re3 e5 21. c3 Be6 22. Nb6 Qf7 23. b4 f5 24. exf5 gxf5 25. Bxc6 bxc6 26. Qe2 e4 27. Qxa6 Bb3 28. Qe2 d5 29. Qd2 h5 30. Ra3 Bc4 31. Qd4+ Kh7 32. a6 Qa7 33. Nxc4 Qxd4 34. cxd4 dxc4 35. a7 Ra8 36. Rec3 Rf7 37. Rxc4 Rfxa7 38. Rxa7+ Rxa7 39. Rxc6 Kg7 40. Rc1 Rd7 41. Rb1 Rb7 42. b5 Rb6 43. Kf2 Kf7 44. d5 Ke7 45. Ke3 Kd6 46. Kd4 e3 47. Rb2 h4 48. gxh4 1-0

[Event "AUT-chT 2003-4"]
[Site "Graz"]
[Date "2003.11.30"]
[Round "3"]
[White "Hertneck, Gerald"]
[Black "Schenk, Andreas"]
[Result "1/2-1/2"]
[WhiteElo "2524"]
[BlackElo "2499"]
[PlyCount "34"]
[EventDate "2003.11.01"]
[Source "Roberto Alvarez"]
[SourceDate "2003.12.01"]

1. b3 Nf6 2. Bb2 e6 3. f4 b6 4. Nf3 Bb7 5. e3 c5 6. a4 Nc6 7. Na3 Be7 8. Rg1 h5 9. g3 Qc7 10. Nb5 Qb8 11. h3 a6 12. Na3 Qc7 13. g4 hxg4 14. hxg4 O-O-O 15. Nc4 d5 16. Nce5 Nxe5 17. Bxe5 Bd6 1/2-1/2

[Event "Israel Open Ch, Tel Aviv ISR"]
[Site "?"]
[Date "2001.??.??"]
[Round "5"]
[White "Zoler, D."]
[Black "Zifroni, D."]
[Result "1/2-1/2"]
[WhiteElo "2485"]
[BlackElo "2525"]
[PlyCount "41"]
[EventDate "2001.??.??"]
[Source "www.chesslib.no"]
[SourceDate "2004.05.04"]

1. b3 Nf6 2. Bb2 b6 3. c4 Bb7 4. e3 e6 5. f4 g6 6. Nf3 Bg7 7. Be2 O-O 8. O-O c5 9. Na3 Nc6 10. Nc2 Rc8 11. Qe1 d5 12. d3 a6 13. Ne5 Ne7 14. Bf3 Qc7 15. Rd1 Rfd8 16. Ba1 Ba8 17. g4 Nd7 18. Nxd7 Rxd7 19. Bxg7 Kxg7 20. cxd5 Nxd5 21. Bxd5 1/2-1/2

[Event "Jakarta zt"]
[Site "Jakarta"]
[Date "1993.??.??"]
[Round "8"]
[White "Tu Hoang Thong"]
[Black "Rogers, Ian"]
[Result "0-1"]
[WhiteElo "2435"]
[BlackElo "2575"]
[PlyCount "184"]
[EventDate "1993.01.??"]
[Source "ChessBase"]

1. b3 Nf6 2. Bb2 g6 3. g3 Bg7 4. Bg2 d5 5. Nf3 c5 6. O-O Nc6 7. Ne5 Nxe5 8. Bxe5 O-O 9. c4 d4 10. d3 Qb6 11. Nd2 Bh6 12. Bxf6 Qxf6 13. a3 a5 14. Rb1 Qb6 15. Rb2 Ra7 16. Qb1 Bg4 17. Nf3 Rfa8 18. Qc2 Bg7 19. Qd2 e5 20. Ne1 Qc7 21. Nc2 Rb8 22. Rfb1 b5 23. cxb5 Rxb5 24. a4 Rb8 25. Na3 Bd7 26. Rc1 Qd6 27. Nc4 Qf8 28. Rcc2 Rb4 29. Na3 Bh6 30. Qe1 Be6 31. Nc4 Qb8 32. Qb1 Ra6 33. Qa2 Bg5 34. Rb1 h5 35. h4 Bh6 36. Bf3 Kh8 37. Rcb2 Kg7 38. Na3 Rab6 39. Nb5 Kh7 40. Rc2 Bf8 41. Rbb2 R6xb5 42. axb5 Qxb5 43. Rc4 Bxc4 44. dxc4 Qb6 45. Be4 f5 46. Bc2 e4 47. Rb1 Bd6 48. Ra1 Bc7 49. Qa3 Qd6 50. Qc1 d3 51. exd3 exd3 52. Bd1 d2 53. Qc3 Rb8 54. Ra2 Rd8 55. Qe3 Rd7 56. Kg2 Kg7 57. Qc3+ Qe5 58. Rxd2 Qxc3 59. Rxd7+ Kf8 60. Rxc7 Qd3 61. Bf3 Qxb3 62. Rxc5 a4 63. Rc8+ Ke7 64. c5 a3 65. Ra8 a2 66. Ra7+ Ke6 67. c6 Qc4 68. c7 Kd7 69. Kh2 Qc3 70. Be2 a1=Q 71. Bb5+ Kc8 72. Ba6+ Qxa6 73. Rxa6 Qf3 74. Kg1 Qg4 75. Rf6 Kxc7 76. Kg2 Qe4+ 77. Kg1 Qe8 78. Kg2 Kd7 79. Ra6 Qe4+ 80. Kg1 Qb1+ 81. Kh2 Qf1 82. Ra2 Ke6 83. f4 Kd5 84. Ra4 Qf2+ 85. Kh3 Qg1 86. Ra2 Qh1+ 87. Rh2 Qf1+ 88. Rg2 Ke4 89. Kh2 Kf3 90. Ra2 Kg4 91. Rg2 Qe1 92. Rg1 Qxg1+ 0-1

[Event "54th ch-RUS, Elista RUS"]
[Site "?"]
[Date "2001.??.??"]
[Round "8"]
[White "Ibragimov, I."]
[Black "Baikov, V."]
[Result "1/2-1/2"]
[WhiteElo "2575"]
[BlackElo "2430"]
[PlyCount "93"]
[EventDate "2001.??.??"]
[Source "www.chesslib.no"]
[SourceDate "2004.05.04"]

1. b3 Nf6 2. Bb2 g6 3. Bxf6 exf6 4. c4 d5 5. cxd5 Qxd5 6. Nc3 Qd6 7. Rc1 c6 8. Nf3 Bg7 9. e3 O-O 10. d4 f5 11. g3 Nd7 12. Bg2 Nb6 13. O-O Be6 14. Qc2 Rfe8 15. Rfd1 h6 16. Ne1 Nd5 17. Nxd5 Bxd5 18. Bxd5 Qxd5 19. Nd3 Bf8 20. Qc4 Rad8 21. a4 h5 22. h4 Qf3 23. Ne1 Qg4 24. Ng2 a5 25. d5 cxd5 26. Qxg4 fxg4 27. Nf4 d4 28. exd4 Bh6 29. Rc7 Bxf4 30. gxf4 b6 31. d5 Rd6 32. Rc6 Rxc6 33. dxc6 Rc8 34. Rc1 Rc7 35. Kf1 Kf8 36. Ke2 Ke7 37. f5 Kd6 38. Ke3 Re7+ 39. Kf4 Kc7 40. fxg6 fxg6 41. Kg5 Re2 42. Kxg6 Rxf2 43. Kxh5 g3 44. Kg5 g2 45. Rg1 Kxc6 46. h5 Rd2 47. h6 1/2-1/2

[Event "TCh-CRO"]
[Site "Rabac"]
[Date "2004.09.13"]
[Round "9"]
[White "Kovacevic, Blazimir"]
[Black "Horvath, Jozsef"]
[Result "1/2-1/2"]
[WhiteElo "2478"]
[BlackElo "2524"]
[PlyCount "57"]
[EventDate "2004.06.21"]
[Source "Roberto Alvarez"]
[SourceDate "2004.09.21"]

1. b3 Nf6 2. Bb2 g6 3. Bxf6 exf6 4. c4 d5 5. cxd5 Qxd5 6. Nc3 Qa5 7. e3 Bg7 8. a3 c6 9. b4 Qc7 10. Bc4 Nd7 11. d4 O-O 12. Nge2 a5 13. O-O f5 14. Qc2 axb4 15. axb4 Rxa1 16. Rxa1 Nb6 17. Ba2 Qd6 18. Rb1 Be6 19. Nf4 Bxa2 20. Nxa2 Ra8 21. g3 Nd5 22. Nxd5 Qxd5 23. Nc1 Bf8 24. Nd3 Ra2 25. Qb3 Ra1 26. Qd1 Rxb1 27. Qxb1 Qc4 28. Nc5 b5 29. Qb2 1/2-1/2

[Event "(zt)"]
[Site "Beijing (zt)"]
[Date "1993.??.??"]
[Round "?"]
[White "Deng Kong Liang"]
[Black "Ye Jiangchuan"]
[Result "1/2-1/2"]
[WhiteElo "2430"]
[BlackElo "2540"]
[PlyCount "52"]
[EventDate "1993.??.??"]
[Source "www.chesslib.no"]
[SourceDate "2004.05.04"]

1. b3 Nf6 2. Bb2 g6 3. g3 Bg7 4. Bg2 O-O 5. c4 d6 6. Nf3 e5 7. O-O Re8 8. Nc3 c6 9. e4 d5 10. exd5 cxd5 11. d4 exd4 12. Nxd5 Nxd5 13. cxd5 Qxd5 14. Bxd4 Nc6 15. Bxg7 Qxd1 16. Rfxd1 Kxg7 17. Nd4 Bg4 18. Bxc6 bxc6 19. f3 Bd7 20. Rac1 Re5 21. Nxc6 Bxc6 22. Rxc6 Re2 23. Rc7 Rxa2 24. Rdd7 Rf8 25. Rxa7 Rb2 26. Rab7 Kg8 1/2-1/2

[Event "Las Palmas-B"]
[Site "Las Palmas"]
[Date "1994.??.??"]
[Round "3"]
[White "Garcia Padron, Jose"]
[Black "Ubilava, Elizbar"]
[Result "1-0"]
[WhiteElo "2435"]
[BlackElo "2535"]
[PlyCount "125"]
[EventDate "1994.05.??"]
[Source "ChessBase"]

1. b3 Nf6 2. Bb2 g6 3. Bxf6 exf6 4. g3 f5 5. c4 d5 6. cxd5 Qxd5 7. Nf3 Bg7 8. Nc3 Qd8 9. Bg2 O-O 10. Rc1 Nd7 11. O-O c6 12. Na4 g5 13. Ne1 f4 14. Qc2 Ne5 15. Nc5 b6 16. Na4 Bg4 17. Nc3 Rc8 18. Rd1 c5 19. gxf4 gxf4 20. h3 Bh5 21. Qe4 Qd4 22. Qf5 Bg6 23. Qg5 h6 24. Qe7 Nc6 25. Qb7 Qd6 26. Nd5 Kh8 27. e3 Bh5 28. Rc1 Be2 29. Nxf4 Bxf1 30. Kxf1 Rc7 31. Qa6 Qxd2 32. Rc2 Nb4 33. Rxd2 Nxa6 34. Rd6 Rcc8 35. Bb7 Rcd8 36. Rxd8 Rxd8 37. Bxa6 Rd1 38. Nfd3 Bc3 39. a4 Kg7 40. Bc4 f5 41. Ke2 Rd2+ 42. Kf3 Kf6 43. Ng2 Rd1 44. Ngf4 Kg5 45. Ne6+ Kf6 46. Nc7 Ba5 47. Nb5 a6 48. Nc7 b5 49. Nd5+ Ke6 50. N5f4+ Kd6 51. axb5 axb5 52. Bxb5 Bd8 53. Bc4 Bh4 54. Ng6 Bg5 55. h4 Bf6 56. Kf4 Rh1 57. Kxf5 Bxh4 58. Nxh4 Rxh4 59. f4 h5 60. e4 Ke7 61. Kg5 Rh1 62. f5 h4 63. Kg4 1-0

[Event "Thaelmann Memorial"]
[Site "Berlin East"]
[Date "1989.??.??"]
[Round "?"]
[White "Bagirov, Vladimir K"]
[Black "Vogt, Lothar H"]
[Result "1-0"]
[WhiteElo "2460"]
[BlackElo "2505"]
[PlyCount "95"]
[EventDate "1989.04.??"]
[Source "www.chesslib.no"]
[SourceDate "2004.05.04"]

1. b3 Nf6 2. Bb2 d5 3. e3 Nbd7 4. f4 g6 5. Nf3 Bg7 6. g3 O-O 7. Bg2 c5 8. O-O b6 9. c4 Bb7 10. Qe2 e6 11. d3 Qe7 12. Nbd2 Rad8 13. e4 d4 14. e5 Ne8 15. b4 cxb4 16. a3 bxa3 17. Bxa3 Nc5 18. Nb3 f6 19. Bxc5 bxc5 20. Rxa7 Bxf3 21. Qa2 Rd7 22. Rxd7 Qxd7 23. Bxf3 Qe7 24. Qa5 fxe5 25. Qxc5 Qc7 26. fxe5 Bxe5 27. Kg2 Bg7 28. Re1 e5 29. Ra1 Qxc5 30. Nxc5 Nc7 31. Ra7 Rf7 32. Rb7 Bf8 33. Na6 Rxf3 34. Nxc7 Rxd3 35. Ne6 Bh6 36. c5 Rc3 37. Rd7 d3 38. g4 Be3 39. Rg7+ Kh8 40. Rd7 h6 41. Kf3 d2 42. Ke2 Rc1 43. Kxe3 d1=Q 44. Rxd1 Rxd1 45. c6 Rc1 46. c7 Kg8 47. Ke4 Kf7 48. Kd5 1-0

[Event "Bern Open"]
[Site "Bern SUI"]
[Date "1995.??.??"]
[Round "3"]
[White "Bagirov, Vladimir K"]
[Black "Muco, Fatos"]
[Result "1/2-1/2"]
[WhiteElo "2530"]
[BlackElo "2430"]
[PlyCount "84"]
[EventDate "1995.02.??"]
[Source "www.chesslib.no"]
[SourceDate "2004.05.04"]

1. b3 Nf6 2. Bb2 e6 3. e3 b6 4. f4 Bb7 5. Nf3 Be7 6. Be2 O-O 7. O-O d5 8. Qe1 c5 9. d3 Nc6 10. Ne5 Nd7 11. Nxc6 Bxc6 12. Nd2 Bh4 13. g3 Bf6 14. d4 g6 15. Nf3 Bg7 16. g4 Rc8 17. g5 f6 18. Qg3 Qe7 19. Rad1 fxg5 20. Nxg5 Nf6 21. Bf3 h6 22. Nh3 Qf7 23. Kh1 Ne4 24. Qg2 Kh7 25. c4 b5 26. cxd5 exd5 27. Bxe4 dxe4 28. dxc5 Bxb2 29. Qxb2 Bd7 30. Ng1 Rxc5 31. Qd4 Rc7 32. Rc1 Bf5 33. Rxc7 Qxc7 34. Rd1 Rf7 35. h3 Rd7 36. Qa1 Qd8 37. Rxd7+ Qxd7 38. Qd4 Bxh3 39. Qxe4 Bf5 40. Qe5 Bg4 41. Kg2 h5 42. Nf3 Qc6 1/2-1/2

[Event "BL2-West 9900"]
[Site "Germany"]
[Date "2000.02.20"]
[Round "6.2"]
[White "Rotstein, Arkadij"]
[Black "Votava, Jan"]
[Result "1/2-1/2"]
[WhiteElo "2460"]
[BlackElo "2497"]
[PlyCount "65"]
[EventDate "1999.10.??"]
[Source "ChessBase"]
[SourceDate "2000.03.10"]

1. b3 Nf6 2. Bb2 d5 3. e3 c5 4. Bb5+ Bd7 5. Be2 Nc6 6. Nf3 e6 7. c4 Be7 8. cxd5 Nxd5 9. Na3 O-O 10. O-O a6 11. Nc4 f6 12. d3 b5 13. Ncd2 Qb6 14. a3 Rfd8 15. Rc1 Rac8 16. Qc2 e5 17. Qb1 Be6 18. Rfe1 Bf7 19. Bd1 Nc7 20. d4 exd4 21. exd4 cxd4 22. Rxc6 Qxc6 23. Rxe7 Be6 24. Bxd4 Nd5 25. Ng5 Nxe7 26. Qxh7+ Kf8 27. Qh8+ Bg8 28. Nh7+ Kf7 29. Bh5+ g6 30. Ng5+ Kf8 31. Nh7+ Kf7 32. Ng5+ Kf8 33. Nh7+ 1/2-1/2

[Event "It Open"]
[Site "London ENG"]
[Date "1994.??.??"]
[Round "?"]
[White "Markowski, Tomasz"]
[Black "Akesson, Ralf"]
[Result "1-0"]
[WhiteElo "2495"]
[BlackElo "2460"]
[PlyCount "79"]
[EventDate "1994.??.??"]
[Source "www.chesslib.no"]
[SourceDate "2004.05.04"]

1. b3 Nf6 2. Bb2 g6 3. e4 Bg7 4. g3 O-O 5. Bg2 d6 6. Ne2 c5 7. O-O Nc6 8. d4 cxd4 9. Nxd4 Bg4 10. f3 Bd7 11. c4 Qb6 12. Kh1 Ne8 13. Nxc6 Bxb2 14. Nxe7+ Kg7 15. Nd2 Bxa1 16. Qxa1+ f6 17. Nd5 Qd8 18. Rd1 Be6 19. Nf4 Bf7 20. Nf1 Qb6 21. Qc3 Nc7 22. Ne3 Rfd8 23. Ng4 Ne8 24. h4 h5 25. Ne3 Nc7 26. Kh2 Qc5 27. Bh3 Qe5 28. Qd2 b5 29. Nd3 Qd4 30. Nc2 Qb6 31. cxb5 Nxb5 32. Nf4 Nc7 33. Ne3 a5 34. Nxh5+ gxh5 35. Nf5+ Kf8 36. Qh6+ Ke8 37. Qxf6 Qf2+ 38. Bg2 Rd7 39. Rxd6 Rad8 40. Qh8+ 1-0

[Event "Wch Seniors"]
[Site "Grieskirchen"]
[Date "1998.11.18"]
[Round "9"]
[White "Bagirov, Vladimir"]
[Black "Uhlmann, Wolfgang"]
[Result "1/2-1/2"]
[WhiteElo "2480"]
[BlackElo "2460"]
[PlyCount "33"]
[EventDate "1998.11.08"]
[Source "ChessBase"]
[SourceDate "1999.01.01"]

1. b3 Nf6 2. Bb2 g6 3. e4 d6 4. g3 Bg7 5. Bg2 O-O 6. Ne2 c5 7. O-O Nc6 8. d4 cxd4 9. Nxd4 Bd7 10. c4 Nxd4 11. Bxd4 b5 12. cxb5 Bxb5 13. Re1 Qd7 14. e5 dxe5 15. Bxe5 Qxd1 16. Rxd1 Rac8 17. Nc3 1/2-1/2

[Event "Moron zt"]
[Site "Moron"]
[Date "1982.??.??"]
[Round "10"]
[White "Giardelli, Sergio C"]
[Black "Sunye Neto, Jaime"]
[Result "1/2-1/2"]
[WhiteElo "2460"]
[BlackElo "2475"]
[PlyCount "46"]
[EventDate "1982.03.??"]
[Source "www.chesslib.no"]
[SourceDate "2004.05.04"]

1. b3 Nf6 2. Bb2 g6 3. c4 Bg7 4. Nf3 d6 5. g3 e5 6. d3 O-O 7. Bg2 Re8 8. O-O Nc6 9. Nc3 h6 10. a3 Be6 11. Nd2 Qd7 12. Nd5 Nh7 13. e3 Nd8 14. Qc2 c6 15. Nc3 Bh3 16. Rae1 Bxg2 17. Kxg2 Ne6 18. f4 f5 19. Nf3 Rad8 20. Ne2 Nc5 21. e4 exf4 22. Bxg7 Kxg7 23. exf5 Qxf5 1/2-1/2

[Event "AUT-chT 2003-4"]
[Site "Graz"]
[Date "2003.11.28"]
[Round "1"]
[White "Hertneck, Gerald"]
[Black "Schwarz, Michael"]
[Result "1-0"]
[WhiteElo "2524"]
[BlackElo "2409"]
[PlyCount "123"]
[EventDate "2003.11.01"]
[Source "Roberto Alvarez"]
[SourceDate "2003.12.01"]

1. b3 Nf6 2. Bb2 g6 3. Bxf6 exf6 4. c4 Bg7 5. Nc3 O-O 6. g3 Nc6 7. d4 f5 8. e3 Ne7 9. Bg2 c5 10. Nge2 d6 11. O-O Qa5 12. Qd2 Rb8 13. Rad1 Qb6 14. Na4 Qc7 15. Nf4 b6 16. Nc3 a6 17. Ncd5 Nxd5 18. Nxd5 Qa7 19. dxc5 dxc5 20. Qc2 b5 21. Rd3 Be6 22. Rfd1 Be5 23. Qd2 b4 24. Qc1 a5 25. a4 Rbe8 26. Qd2 Qb8 27. Nf4 Bxf4 28. exf4 Bc8 29. Rd6 Qc7 30. Bc6 Re6 31. Qd5 Rxd6 32. Qxd6 Qxd6 33. Rxd6 Be6 34. Bd5 Bxd5 35. Rxd5 Rc8 36. Kf1 Kg7 37. Rd6 Re8 38. Rc6 Rd8 39. Rxc5 Rd3 40. Rxa5 Rxb3 41. Rb5 Kf6 42. Ke2 Ke6 43. Rb6+ Kd7 44. a5 Kc7 45. c5 Ra3 46. a6 Ra2+ 47. Kd3 Rxf2 48. a7 Ra2 49. Rf6 b3 50. Rxf7+ Kc6 51. Rxh7 Kxc5 52. Kc3 b2 53. Kc2 Kb6 54. Rg7 Rxa7 55. Rxa7 Kxa7 56. Kxb2 Kb6 57. Kc3 Kc5 58. Kd3 Kd5 59. Ke3 Kc5 60. Kf3 Kd5 61. g4 Ke6 62. g5 1-0

[Event "Prerov Friendship GM"]
[Site "?"]
[Date "2001.12.04"]
[Round "1"]
[White "Vokac Marek"]
[Black "Simacek Pavel"]
[Result "1-0"]
[WhiteElo "2529"]
[BlackElo "2402"]
[PlyCount "87"]
[EventDate "2001.??.??"]
[Source "www.chesslib.no"]
[SourceDate "2004.05.04"]

1. b3 Nf6 2. Bb2 c5 3. Nf3 b6 4. e3 Bb7 5. d4 e6 6. Nbd2 Be7 7. Bd3 d5 8. Ne5 O-O 9. O-O Ne4 10. Nxe4 dxe4 11. Be2 f6 12. Nc4 Nd7 13. dxc5 Nxc5 14. Qxd8 Rfxd8 15. Rfd1 Bd5 16. a4 Rdc8 17. Na3 Kf8 18. Kf1 Nd7 19. Bg4 Rd8 20. Nb5 Nc5 21. Nc7 Rab8 22. Ba3 Rb7 23. Nxe6+ Bxe6 24. Rxd8+ Bxd8 25. Bxe6 Re7 26. Bc4 Rd7 27. Ke2 Be7 28. Bb2 Nb7 29. Bd4 Na5 30. Be6 Rc7 31. Kd1 Nc6 32. Bb2 Nb4 33. Bc4 Rd7+ 34. Kc1 Bd6 35. a5 Rc7 36. axb6 axb6 37. Ra8+ Ke7 38. Rg8 g6 39. Rg7+ Kf8 40. Rxc7 Bxc7 41. Bxf6 Bxh2 42. Kd2 Bg1 43. Bd4 Bxf2 44. Bxb6 1-0

[Event "Paris Open"]
[Site "Paris FRA"]
[Date "1995.??.??"]
[Round "?"]
[White "Markowski, Tomasz"]
[Black "Kalantarian, Norik"]
[Result "1/2-1/2"]
[WhiteElo "2470"]
[BlackElo "2460"]
[PlyCount "37"]
[EventDate "1995.04.??"]
[Source "www.chesslib.no"]
[SourceDate "2004.05.04"]

1. b3 Nf6 2. Bb2 g6 3. Nf3 Bg7 4. e3 d6 5. d4 O-O 6. Be2 e5 7. dxe5 Ng4 8. c4 Nxe5 9. Nc3 a6 10. O-O Re8 11. Qd2 Nbc6 12. Rfd1 Bf5 13. Rac1 Rb8 14. Ba1 Nxf3+ 15. Bxf3 Ne5 16. Be2 Qh4 17. Nd5 c6 18. Nf4 Rbd8 19. h3 1/2-1/2

[Event "ARG-ch sf"]
[Site "?"]
[Date "1998.??.??"]
[Round "8"]
[White "Soppe Guillermo Gustavo"]
[Black "Giaccio Alfredo Gustavo"]
[Result "1/2-1/2"]
[WhiteElo "2455"]
[BlackElo "2460"]
[PlyCount "28"]
[EventDate "1998.??.??"]
[Source "www.chesslib.no"]
[SourceDate "2004.05.04"]

1. b3 Nf6 2. Bb2 d6 3. c4 e5 4. e3 g6 5. Nc3 Bg7 6. Nf3 O-O 7. d4 exd4 8. Nxd4 Bd7 9. Be2 Nc6 10. Nxc6 Bxc6 11. Bf3 Qd7 12. O-O Rae8 13. Rb1 Re7 14. Nd5 Bxd5 1/2-1/2

[Event "06.OIBayEM Bad Wiessee op"]
[Site "?"]
[Date "2002.11.03"]
[Round "9"]
[White "Gawehns Klaus"]
[Black "Doettling Fabian"]
[Result "1/2-1/2"]
[WhiteElo "2376"]
[BlackElo "2539"]
[PlyCount "63"]
[EventDate "2002.??.??"]
[Source "www.chesslib.no"]
[SourceDate "2004.05.04"]

1. b3 Nf6 2. Bb2 e6 3. g3 c5 4. Bg2 Be7 5. f4 O-O 6. Nf3 Nc6 7. O-O d5 8. e3 b6 9. Qe2 Bb7 10. Nc3 Rc8 11. Nd1 Nd7 12. Nf2 Bf6 13. d4 g6 14. Rfd1 Bg7 15. e4 dxe4 16. Nxe4 Qc7 17. c4 Nxd4 18. Nxd4 cxd4 19. Bxd4 Bxe4 20. Qxe4 Rfd8 21. Qe3 Nb8 22. Bxg7 Kxg7 23. Rd4 Nc6 24. Bxc6 Qxc6 25. Rad1 Rxd4 26. Qxd4+ Kg8 27. Qd7 Qc5+ 28. Kg2 a6 29. Rd4 Kg7 30. Qd6 Qxd6 31. Rxd6 b5 32. Rxa6 1/2-1/2